| 000 | 00611nam a2200205 i 4500 | ||
|---|---|---|---|
| 001 | 32797 | ||
| 003 | ES-MaACL | ||
| 005 | 20230906154633.0 | ||
| 007 | t| | ||
| 008 | 030131s1981 sp ||||1| cat d | ||
| 100 | 1 |
_aBertrana, Prudencio. _928514 |
|
| 245 | 1 | 0 |
_aContes / _cPrudenci Bertrana. |
| 250 | _a[1ยช ed.]. | ||
| 260 |
_aBarcelona : _bEdicions 62, _c[1981] |
||
| 300 |
_a350 p. ; _c19 cm. |
||
| 490 | 1 |
_aLes millors obres de la literatura catalana ; _v60 |
|
| 830 | 0 |
_aLes millors obres de la literatura catalana ; _v60 _9181455 |
|
| 852 |
_aES-MaACL _jL-1280 _bR.101948 |
||
| 999 |
_c32797 _d32797 |
||